000 00357nam a2200157Ia 4500
008 230711s9999||||xx |||||||||||||| ||und||
041 _aENG
082 _a530
_bBA-E
100 _aBanwal,R.A
245 0 _aApplied Physics-I
250 _a1st Ed.
260 _c1993
_aJalandhar
_bEagles Prakashan Regd
300 _a464p.
650 _aPhysics
942 _cBK
999 _c7676
_d7676